Esztétikai olvasókönyv szöveggyűjtemény
Elmentve itt :
| További közreműködők: | |
|---|---|
| Adatforrás: | Philobibl |
| Dokumentumtípus: | Könyv |
| Nyelv: | magyar |
| Megjelent: |
Bp.
1965
|
| LEADER | 00384nam a2200133 c 4500 | ||
|---|---|---|---|
| 001 | bibDOK00020630 | ||
| 005 | 20200924121458.5 | ||
| 008 | 060518s1965 hu hun | ||
| 245 | 0 | 0 | |a Esztétikai olvasókönyv |b szöveggyűjtemény |c [összeáll. Ancsel Éva, Aradi Nóra, Kiss Tamás] |
| 260 | |a Bp. |c 1965 | ||
| 300 | |a 783 p. | ||
| 700 | 1 | |a Ancsel Éva | |
| 700 | 1 | |a Aradi Nóra | |
| 700 | 1 | |a Kiss Tamás | |